[Event "Morava-ch U12"]
[Site "Bystrice nad Pernstejnem"]
[Date "2024.10.31"]
[Round "8"]
[White "Sevcikova, Terezie"]
[Black "Snopek, Jan"]
[Result "1-0"]
[WhiteElo "1543"]
[BlackElo "1044"]
[PlyCount "107"]
[EventDate "2024.10.26"]
[EventType "swiss"]
[EventRounds "9"]
[EventCountry "CZE"]
[SourceTitle "CB45_2024"]
[Source "ChessBase"]
[SourceDate "2024.11.06"]
[SourceVersion "1"]
[SourceVersionDate "2024.11.06"]
[SourceQuality "1"]

1. d4 d5 2. Bf4 Bf5 3. e3 a6 4. Bd3 Bxd3 5. Qxd3 e6 6. Nf3 Nf6 7. a3 Nc6 8. Nc3 Bd6 9. Bg3 Bxg3 10. hxg3 Qd6 11. Ng5 h6 12. Nf3 e5 13. dxe5 Nxe5 14. Nxe5 Qxe5 15. 0-0-0 0-0-0 16. Qd4 Qe6 17. Rhe1 Rhe8 18. Rd3 Rd7 19. Red1 Red8 20. Qa7 Rd6 21. Qd4 Ne4 22. Rf1 Qf5 23. Rdd1 g6 24. g4 Qe6 25. f3 Nxc3 26. Qxc3 h5 27. gxh5 gxh5 28. Rh1 Qg6 29. Rd2 Re8 30. Qd3 Qg5 31. Re1 c6 32. Kd1 h4 33. e4 Red8 34. e5 R6d7 35. Qe3 Qg3 36. Qf2 Qxf2 37. Rxf2 Kc7 38. Rh1 Re8 39. f4 d4 40. Rxh4 c5 41. Kd2 c4 42. c3 b5 43. Rh3 Kc6 44. Rh6+ Kb7 45. Rf3 dxc3+ 46. Kxc3 Red8 47. Rhh3 Rd1 48. b3 cxb3 49. Kxb3 a5 50. g4 Rb1+ 51. Kc2 Rg1 52. Rhg3 Rc8+ 53. Kb2 a4 54. Rxg1 1-0

[Event "Morava-ch U12"]
[Site "Bystrice nad Pernstejnem"]
[Date "2024.10.28"]
[Round "4"]
[White "Broz, Pavel1"]
[Black "Snopek, Jan"]
[Result "1-0"]
[WhiteElo "1484"]
[BlackElo "1044"]
[PlyCount "35"]
[EventDate "2024.10.26"]
[EventType "swiss"]
[EventRounds "9"]
[EventCountry "CZE"]
[SourceTitle "CB45_2024"]
[Source "ChessBase"]
[SourceDate "2024.11.06"]
[SourceVersion "1"]
[SourceVersionDate "2024.11.06"]
[SourceQuality "1"]

1. e4 e5 2. Nf3 Nc6 3. Bc4 Bc5 4. 0-0 Nf6 5. d4 exd4 6. e5 Ng8 7. Ng5 Nxe5 8. Re1 Qf6 9. Nxf7 d6 10. Bg5 Qg6 11. Nxe5 dxe5 12. Rxe5+ Be7 13. Bxg8 Rxg8 14. Rxe7+ Kf8 15. Qxd4 Bg4 16. Qxg4 Rd8 17. Qf3+ Qf6 18. Bxf6 1-0

[Event "Morava-ch U12"]
[Site "Bystrice nad Pernstejnem"]
[Date "2024.10.28"]
[Round "3"]
[White "Snopek, Jan"]
[Black "Libal, Manfred"]
[Result "1-0"]
[WhiteElo "1044"]
[BlackElo "1575"]
[PlyCount "85"]
[EventDate "2024.10.26"]
[EventType "swiss"]
[EventRounds "9"]
[EventCountry "CZE"]
[SourceTitle "CB45_2024"]
[Source "ChessBase"]
[SourceDate "2024.11.06"]
[SourceVersion "1"]
[SourceVersionDate "2024.11.06"]
[SourceQuality "1"]

1. e4 c5 2. Nf3 Nc6 3. Bc4 d6 4. h3 Nf6 5. Nc3 g6 6. d3 Bg7 7. Bg5 0-0 8. 0-0 Bd7 9. Re1 a6 10. e5 dxe5 11. Nxe5 Nxe5 12. Rxe5 b5 13. Bb3 Rc8 14. Qe2 h6 15. Bf4 e6 16. Qd2 g5 17. Bg3 Nh5 18. Re3 Nxg3 19. Rxg3 Bc6 20. a4 b4 21. Ne2 Bxb2 22. Re1 Bg7 23. c3 a5 24. cxb4 cxb4 25. h4 Bf6 26. hxg5 hxg5 27. f4 Qb6+ 28. d4 Rfd8 29. Rd3 Bd5 30. fxg5 Bg7 31. Bxd5 exd5 32. Nf4 b3 33. Nh5 b2 34. Rb1 Rb8 35. Nf6+ Bxf6 36. gxf6 Rdc8 37. Qg5+ Kf8 38. Qg7+ Ke8 39. Re3+ Kd8 40. Qf8+ Kc7 41. Qe7+ Kc6 42. Rc3+ Qc5 43. Rxc5+ 1-0

[Event "Morava-ch U12"]
[Site "Bystrice nad Pernstejnem"]
[Date "2024.10.26"]
[Round "1"]
[White "Bilek, Filip"]
[Black "Snopek, Jan"]
[Result "1-0"]
[WhiteElo "1558"]
[BlackElo "1044"]
[PlyCount "33"]
[EventDate "2024.10.26"]
[EventType "swiss"]
[EventRounds "9"]
[EventCountry "CZE"]
[SourceTitle "CB45_2024"]
[Source "ChessBase"]
[SourceDate "2024.11.06"]
[SourceVersion "1"]
[SourceVersionDate "2024.11.06"]
[SourceQuality "1"]

1. e4 e5 2. Nf3 Nc6 3. d4 Bb4+ 4. c3 Bd6 5. Bc4 Nf6 6. Bg5 a6 7. 0-0 0-0 8. Bb3 b5 9. dxe5 Bxe5 10. Nxe5 Nxe5 11. f4 Nc4 12. Bxc4 bxc4 13. e5 h6 14. Bh4 g5 15. exf6 gxh4 16. Qg4+ Kh8 17. Qg7# 1-0